000 01919cam a22004814i 4500
003 PE-LiUPU
005 20250731173334.0
008 150616s r 000 0 d
020 _a8470573411
035 _a(Sirsi) i9788470573415
040 _aPE-LiUPU
_bspa
_cPE-LiUPU
_erda
049 _aPRUA
082 0 4 _a261.1
_bS36
_221
100 1 _aSegundo, Juan Luis,
_d1925-,
_eautor.
245 1 0 _aTeología Abierta III: Reflecciones Críticas /
_cJuan Luis Segundo.
264 1 _aMadrid :
_bEdiciones Cristiandad,
_c1984].
300 _a334 páginas ;
_c20 centímetros
336 _atext
_2rdacontent
337 _aunmediated
_2rdamedia
338 _avolume
_2rdacarrier
490 0 _aSenda Abierta ;
_v5
505 0 _aValores «versus» soluciones -- La historia de Jesús -- El conflicto histórico de Jesús -- Jesús y su comunidad -- Dos teologías de la liberación -- Lo cristiano dentro del proceso bíblico -- El pueblo, sujeto de su historia -- Gracia de Dios y temor a la libertad -- Gracia para la libertad -- Los dos caminos hacia Dios -- El significado de la divinidad de Jesús -- El reino en marcha.
526 _aSEG42
526 _aSEG41
526 _aSEG40
526 _aSEG39
526 _aP94
526 _aP87
526 _aP86
526 _aP85
526 _aP77
526 _aP76
526 _aP35
650 0 4 _aIglesia Católica
_xDoctrinas.
650 0 4 _aTeología Dogmática.
_95003
910 _ajck
_bjvq
_cjck
942 _2ddc
_cBOOK
949 _a261.1 S36
_wDEWEY
_c1
_i28737
_lCCODEBUL1
_mBUL
_r0
_sY
_tBOOK
_u2015-4-23
_xTEOLOGIA
_zUNKNOWN
_0COMPRA
_o.STAFF. Colección General
994 _aC0
_bPEPRU
596 _a1
999 _a261.1 S36
_wDEWEY
_c48726
_i28737
_f2021-11-12
_g5
_lCCODEBUL1
_mBUL
_r0
_sY
_tBOOK
_u2015-4-23
_xTEOLOGIA
_zUNKNOWN
_0COMPRA
_o.STAFF. Colección General
_d48726
980 _81
_gALBERTO SANCHEZ Responsable de Automatización